书目信息 |
| 题名: |
细节决定爱情
|
|
| 作者: | 广大 , 乔力 编著 | |
| 分册: | ||
| 出版信息: | 北京 华文出版社 2008.01 |
|
| 页数: | 283页 | |
| 开本: | 21cm | |
| 丛书名: | ||
| 单 册: | ||
| 中图分类: | C913.1-49 | |
| 科图分类: | ||
| 主题词: | 爱情--ai qing--通俗读物 | |
| 电子资源: | ||
| ISBN: | 978-7-5075-2175-7 | |
| 000 | 00812nam0 2200241 450 | |
| 001 | 012008269687 | |
| 005 | 20080611171929.15 | |
| 010 | @a978-7-5075-2175-7@dCNY20.00 | |
| 100 | @a20080611d2008 em y0chiy0120 ea | |
| 101 | 0 | @achi |
| 102 | @aCN@b110000 | |
| 105 | @ay z 000yy | |
| 106 | @ar | |
| 200 | 1 | @a细节决定爱情@Axi jie jue ding ai qing@f广大, 乔力编著@Fguang da,qiao li bian zhu |
| 210 | @a北京@c华文出版社@d2008.01 | |
| 215 | @a283页@d21cm | |
| 330 | @a本书传授恋爱过程中最容易忽视的绝活,帮助你发现和拥有真正的爱情。内容包括:找个理由让我爱你;怎么知道我爱上他(她)了?;心动与行动等。 | |
| 606 | 0 | @a爱情@Aai qing@j通俗读物 |
| 690 | @aC913.1-49@v4 | |
| 701 | 0 | @a广大@Aguang da@4编著 |
| 701 | 0 | @a乔力@Aqiao li@4编著 |
| 801 | 0 | @aCN@bQSSK@c20080611 |
| 905 | @b725968-70@dC913.1-49@eG598@f3 | |
| 细节决定爱情/广大, 乔力编著.-北京:华文出版社,2008.01 |
| 283页;21cm |
| ISBN 978-7-5075-2175-7:CNY20.00 |
| 本书传授恋爱过程中最容易忽视的绝活,帮助你发现和拥有真正的爱情。内容包括:找个理由让我爱你;怎么知道我爱上他(她)了?;心动与行动等。 |
| ● |
| 相关链接 |
|
|
|
正题名:细节决定爱情
索取号:C913.1-49/G598
 
预约/预借
| 序号 | 登录号 | 条形码 | 馆藏地/架位号 | 状态 | 备注 |
| 1 | 725968 | 207259688 | 社科库509/509社科库 60排8列5层/ [索取号:C913.1-49/G598] | 在馆 | |
| 2 | 725969 | 207259697 | 社科库509/ [索取号:C913.1-49/G598] | 在馆 | |
| 3 | 725970 | 207259704 | 社科库509/509社科库 60排8列5层/ [索取号:C913.1-49/G598] | 在馆 |